000 00393nam a2200133Ia 4500
008 220217s9999||||xx |||||||||||||| ||und||
020 _a9780070993488
082 _a671.2 HEI
100 _aHeine, Richard, W and others
245 0 _aPrinciples of metal casting
260 _aTata mcgraw hill company Ltd
_bNew Delhi
_c2011
300 _aIX, 434p.
_b460
650 _aProduction Technology
999 _c184061
_d184061